000 00842nam a2200265 i 4500
003 EG-GICUC
005 20260121101326.0
008 251120s1958 us ||||fr|||| 00| 0 eng d
040 _aEG-GiCUC
_beng
_cEG-GiCUC
_dEG-GiCUC
_erda
041 0 _aeng
082 0 4 _221
_a338.9
_bMA
092 0 4 _221
099 _aLaw1 13 338.9 MA 1958
245 0 0 _aManagement of industrial enterprises in under-developed countries.
264 1 _aNew york :
_bDepartment of economic and social affairs,
_c1958.
300 _a35 pages ;
_c24 cm.
336 _2rda content
_atext
337 _2rda media
_aComputer
338 _2rda carrier
_aOnline Resource
546 _aText in English
650 1 4 _aPublic Finance and Tax Legislation
856 4 0 _uhttps://fll.law.cu.edu.eg/fulltext/bks/B13-06924.pdf
905 _a77
_eHassnaa
942 _2ddc
_cBK
_e21
_n0
999 _c44953
_d44953